000 00323nam a2200133Ia 4500
008 220216s9999 xx 000 0 und d
100 _aPayne A R
245 0 _aCarbon black structure in rubber
260 _bIRI Transactions
_c1963
300 _aT125-T135
650 _aCarbon black
700 _aWatson W F
942 _cJS
999 _c55121
_d55121